| 000 | 00632nam a2200169 a 4500 | ||
|---|---|---|---|
| 008 | 130823s2009 ||||||||||||||||| || u | ||
| 020 | _a9780230200524 | ||
| 050 | _aHD 38.5 Wat | ||
| 100 | _aWaters, Donald | ||
| 245 | 1 | 0 |
_aSupply chain management: an introduction to logistics. (2nd ed.) _cby Donald Waters |
| 250 | _a2nd ed. | ||
| 260 |
_aLondon: _bPalgrave Macmillan _c2009 |
||
| 300 | _axxvi, 511p.: ill. | ||
| 650 | 0 | _aRISK MANAGEMENT | |
| 650 | _aBUSINESS LOGISTICS | ||
| 995 |
_FCBU-MAIN LIBRARY (Kitwe) _M1 _UAVAILABLE _WOct 18, 2013 _ZMain Library Open Access Collection |
||
| 999 |
_c59131 _d59131 |
||